00662nam a2200181 i 4500001000700000003000900007005001700016007000300033008004100036100003900077245006700116260005200183300003400235710003800269852003200307999001900339952012200358128732ES-MaACL20230906193342.0t|070524s1964 sp ||||1| spa d1 aTapia Ozcariz, Enrique de.910924014aLas Cortes de Castilla 1188-1833 / cEnrique de Tapia Ozcariz. aMadrid : bRevista de Derecho Privado, c[1964] aXVI, 256 p. : bil. ; c22cm.2 aRevista de Derecho Privado.96443 aES-MaACLjC-25886 bR.54709 c128732d128732 00104070aATENEOMbATENEOMcDEPO2d2008-01-17eSCl0oC-25886p1134065r2023-02-23 00:00:00w2023-02-23yMONOGRAFIA